RASA CHANDANSU (Record no. 8665)
[ view plain ]
| 000 -LEADER | |
|---|---|
| fixed length control field | 00312nam a22001337a 4500 |
| 003 - CONTROL NUMBER IDENTIFIER | |
| control field | SGT |
| 082 ## - DEWEY DECIMAL CLASSIFICATION NUMBER | |
| Classification number | 615.53 |
| Item number | R11B |
| 100 ## - MAIN ENTRY--PERSONAL NAME | |
| Personal name | BABU, RAMESH |
| 245 ## - TITLE STATEMENT | |
| Title | RASA CHANDANSU |
| 260 ## - PUBLICATION, DISTRIBUTION, ETC. (IMPRINT) | |
| Place of publication, distribution, etc | DELHI |
| Name of publisher, distributor, etc | KENDRIYA AYURVEDA EVAM SIDH ANUSANDHAN PARISADH |
| Year of Publication | 2011 |
| 300 ## - PAGE DESCRIPTION | |
| No. of Pages | 402+XVII |
| 650 ## - SUBJECT ADDED ENTRY--TOPICAL TERM | |
| Topical term or geographic name as entry element | AYURVEDA |
| 942 ## - ADDED ENTRY ELEMENTS (KOHA) | |
| Source of classification or shelving scheme | Dewey Decimal Classification |
| Koha item type | Books |
| 942 ## - ADDED ENTRY ELEMENTS (KOHA) | |
| -- | 1 |
| Withdrawn status | Lost status | Source of classification or shelving scheme | Damaged status | Use restrictions | Not for loan | Collection code | Home library | Current library | Shelving location | Date acquired | Vendor Name | Cost, normal purchase price | SGTU | Bill Number | Full call number | Accession No. (Barcode) | Date last seen | Bill Date | Koha item type | Total Checkouts | Date last borrowed |
|---|---|---|---|---|---|---|---|---|---|---|---|---|---|---|---|---|---|---|---|---|---|
| Dewey Decimal Classification | Restricted Access | AYURVEDA | SGT FA-FP Library | SGT FA-FP Library | Reference Book | 30/03/2016 | C.C.R.A.S | 300.00 | SGTU | 14294 | 615.53 R11B | FA4664 | 30/03/2016 | 13/01/2016 | Books | ||||||
| Dewey Decimal Classification | Restricted Access | AYURVEDA | SGT FA-FP Library | SGT FA-FP Library | Reference Book | 30/03/2016 | C.C.R.A.S | 300.00 | SGTU | 14294 | 615.53 R11B | FA4665 | 27/10/2021 | 13/01/2016 | Books | 1 | 27/10/2021 | ||||
| Dewey Decimal Classification | Restricted Access | AYURVEDA | SGT FA-FP Library | SGT FA-FP Library | Reference Book | 30/03/2016 | C.C.R.A.S | 300.00 | SGTU | 14294 | 615.53 R11B | FA4666 | 30/03/2016 | 13/01/2016 | Books | ||||||
| Dewey Decimal Classification | Restricted Access | AYURVEDA | SGT FA-FP Library | SGT FA-FP Library | Reference Book | 30/03/2016 | C.C.R.A.S | 300.00 | SGTU | 14294 | 615.53 R11B | FA4667 | 30/03/2016 | 13/01/2016 | Books | ||||||
| Dewey Decimal Classification | Restricted Access | AYURVEDA | SGT FA-FP Library | SGT FA-FP Library | Reference Book | 30/03/2016 | C.C.R.A.S | 300.00 | SGTU | 14294 | 615.53 R11B | FA4668 | 30/03/2016 | 13/01/2016 | Books |